| 000 | 00392 a2200121 4500 | ||
|---|---|---|---|
| 005 | 20250820072910.0 | ||
| 082 | _a657 NBA | ||
| 111 | _aNBAA | ||
| 245 | _aCorporate reporting, C2 - Auditing and assurance, C3 - Business and corporate finance, C4 - Public finance and taxation II: Final stage Q&A | ||
| 260 |
_aDar es Salaam _bNBAA _c2017 |
||
| 300 |
_a105p.: ill.; Tables _c20cm |
||
| 942 |
_2ddc _cBKS |
||
| 999 |
_c6781 _d6781 |
||